[Event "Batumi WGP 2016"]
[Site "Batumi GEO"]
[Date "2016.04.26"]
[Round "6"]
[White "Javakhishvili,L"]
[Black "Zhao Xue"]
[Result "0-1"]
[WhiteElo "2489"]
[BlackElo "2504"]
[EventDate "2016.04.20"]

1. d4 Nf6 2. c4 e6 3. g3 d5 4. Nf3 Be7 5. Bg2 O-O 6. O-O dxc4 7. Qc2 a6 8.
a4 Bd7 9. Qxc4 Bc6 10. Bf4 a5 11. Nc3 Na6 12. Rac1 h6 13. Rfd1 Rc8 14. Ne5
Bxg2 15. Kxg2 c6 16. e4 Nb4 17. Qe2 Bd6 18. Be3 Qe7 19. Nc4 Bc7 20. Bd2
Rfd8 21. e5 Ne8 22. Ne4 b6 23. g4 f6 24. Ng3 fxe5 25. dxe5 Rd5 26. Be3 Rb8
27. Bd4 Qd7 28. Be3 b5 29. axb5 cxb5 30. Nd6 Nxd6 31. exd6 Bxd6 32. Ne4 Be7
33. Nc3 Rxd1 34. Rxd1 Qc6+ 35. Qf3 a4 36. Qxc6 Nxc6 37. Rd7 Bf6 38. Rc7 Na5
39. Ba7 Rb7 40. Rc8+ Kh7 41. Bc5 Nc4 42. h4 a3 43. g5 hxg5 44. hxg5 Bxc3
45. bxc3 Ra7 46. g6+ Kxg6 0-1

[Event "Batumi WGP 2016"]
[Site "Batumi GEO"]
[Date "2016.04.26"]
[Round "6"]
[White "Dzagnidze,N"]
[Black "Batsiashvili,N"]
[Result "1-0"]
[WhiteElo "2535"]
[BlackElo "2476"]
[EventDate "2016.04.20"]

1. d4 Nf6 2. Nf3 d5 3. c4 e6 4. Nc3 Bb4 5. Bg5 dxc4 6. e4 c5 7. Bxc4 cxd4
8. Nxd4 Qa5 9. Bxf6 Bxc3+ 10. bxc3 Qxc3+ 11. Kf1 gxf6 12. Rc1 Qa5 13. h4
Ke7 14. Rh3 Nc6 15. Nxc6+ bxc6 16. Rd3 Rd8 17. Rxd8 Qxd8 18. Qh5 Qd4 19.
Kg1 Rb8 20. Bb3 Bd7 21. Qxh7 Rb4 22. Qh5 Qe5 23. Qxe5 fxe5 24. Rc4 Rb7 25.
g4 Kd6 26. g5 c5 27. Kg2 Bb5 28. Rc3 Be2 29. Bc4 Bh5 30. f3 Rb2+ 31. Kg3
Kc6 32. Ra3 Rc2 33. Bf1 c4 34. Rxa7 c3 35. Ra4 Rc1 36. Rc4+ Kb6 37. Bd3 Ka5
38. Kg2 Kb6 39. Rc8 Ka5 40. Rc4 Kb6 41. Kf2 Ka5 42. Ke3 Kb6 43. Be2 Rc2 44.
a3 Rc1 45. Rc8 Kb7 46. Rc5 Kb6 47. Rb5+ Kc6 48. Rb8 Kd7 49. Rb7+ Kd6 50.
Rb3 Rc2 51. a4 Ke7 52. a5 Ra2 53. Rxc3 Rxa5 54. Rc8 Ra1 55. Rh8 Bg6 56. Bb5
f5 57. Rh6 Bf7 58. Rh7 Kf8 59. h5 Rh1 60. g6 Bg8 61. Ra7 Rg1 62. Kf2 Rg5
63. Ra8+ Kg7 64. h6+ Kh8 65. h7 Rxg6 66. hxg8=Q+ Rxg8 67. Rxg8+ Kxg8 68.
Bc4 1-0

[Event "Batumi WGP 2016"]
[Site "Batumi GEO"]
[Date "2016.04.26"]
[Round "6"]
[White "Muzychuk,A"]
[Black "Skripchenko,A"]
[Result "1-0"]
[WhiteElo "2555"]
[BlackElo "2453"]
[EventDate "2016.04.20"]

1. e4 c5 2. Nf3 Nc6 3. d4 cxd4 4. Nxd4 e5 5. Nb5 d6 6. N1c3 a6 7. Na3 Be7
8. Nc4 b5 9. Ne3 Nf6 10. Bd3 Nb4 11. Be2 Be6 12. a3 Nc6 13. Ned5 Nd4 14.
Bd3 O-O 15. Be3 Nxd5 16. Nxd5 Bg5 17. c3 Bxe3 18. Nxe3 Nc6 19. O-O Ne7 20.
a4 bxa4 21. Rxa4 a5 22. Bc4 Bd7 23. Ra2 Bc6 24. Qd3 Qc7 25. b3 h6 26. f3
Kh8 27. Rd1 Rad8 28. Rda1 Ra8 29. Kh1 f5 30. exf5 d5 31. Bxd5 Bxd5 32. Nxd5
Nxd5 33. Qxd5 Qxc3 34. h3 Rad8 35. Qxa5 Qxb3 36. Qxe5 Rd5 37. Qe6 Qb5 38.
f6 Rxf6 39. Ra8+ Kh7 40. Qg8+ Kg6 41. R8a7 Rd7 42. Qe8+ Rff7 43. Qe4+ 1-0

[Event "Batumi WGP 2016"]
[Site "Batumi GEO"]
[Date "2016.04.26"]
[Round "6"]
[White "Khotenashvili,B"]
[Black "Gunina,V"]
[Result "1/2-1/2"]
[WhiteElo "2493"]
[BlackElo "2497"]
[EventDate "2016.04.20"]

1. d4 d5 2. c4 c6 3. Nf3 Nf6 4. Qc2 g6 5. Bf4 Bg7 6. e3 O-O 7. Nc3 Be6 8.
Qb3 Qc8 9. h3 Rd8 10. Rc1 c5 11. cxd5 Nxd5 12. Nxd5 Bxd5 13. Qa3 b6 14. Be2
Nc6 15. dxc5 e5 16. Bg3 e4 17. Nd2 bxc5 18. Nb3 Nb4 19. Nxc5 a5 20. O-O
Nxa2 21. Rc2 Bf8 22. Be5 Nb4 23. Rc3 Qf5 24. Bc7 Re8 25. Bb5 Bc6 26. Bxc6
Nxc6 27. Qa4 Nb4 28. Nb3 Nd5 29. Rcc1 Nxc7 30. Rxc7 Qe5 31. Qc4 Re6 32. Rb7
Rf6 33. Qd4 Qf5 34. Rb6 Rxb6 35. Qxb6 Qe5 36. Rb1 Bd6 37. Nd2 Qh2+ 38. Kf1
Bb4 39. Rd1 Rb8 40. Qf6 Qh1+ 41. Ke2 Qxg2 42. Qe5 Rc8 43. Nxe4 Rc2+ 44. Kd3
Rxf2 45. Nxf2 Qxf2 46. Qb8+ Bf8 47. Qe5 h5 48. Qxa5 Qxb2 49. Qd5 Bh6 50.
Rf1 Qa3+ 51. Kc2 Qa4+ 52. Kd2 Qa7 53. Rf3 Qc7 54. Kd3 Bg7 55. Ke2 Bb2 56.
Qb3 Be5 57. Qd5 Bh2 58. Kf1 Qe7 59. Kg2 Bc7 60. e4 Kg7 61. Kf1 Be5 62. Ke2
Bf6 63. Rb3 Qc7 64. Rb7 Qh2+ 65. Kd1 Qh1+ 66. Kc2 Qg2+ 67. Kd1 Qf3+ 68. Kc2
Qf2+ 69. Kd1 Ba1 70. Rd7 Qf4 71. Re7 Qf3+ 72. Kd2 h4 73. Rb7 Qf2+ 74. Kd3
Bb2 75. Rd7 Ba1 76. Rb7 Qf6 77. Rd7 Qf1+ 78. Kc2 Kg8 79. Qa8+ Kh7 80. Qd5
Kg7 81. Rb7 1/2-1/2